| 000 | 01289cam a2200313 a 4500 | ||
|---|---|---|---|
| 001 | 14179984 | ||
| 003 | ARRUPE | ||
| 005 | 20220406095318.0 | ||
| 008 | 051123s2005 dcua f 000 0 eng | ||
| 010 | _a 2005284095 | ||
| 020 | _a1568029969 | ||
| 040 |
_aDLC _cDLC _dDLC |
||
| 050 | 0 | 0 |
_aJA86 _b.P64 2005 |
| 082 | 0 | 0 |
_a320.0285/555 _222 |
| 100 | 1 |
_aPollock, Philip H., _cIII. _951222 |
|
| 245 | 1 | 3 |
_aAn SPSS companion to political analysis / _cPhilip H. Pollock III. |
| 250 | _a2nd ed. | ||
| 260 |
_aWashington, D.C. : _bCQ Press, _cc2005. |
||
| 300 |
_axv, 215 p. : _bill. ; _c28 cm. + _e1 CD-ROM |
||
| 500 | _aCompanion text to: Essentials of political analysis / Philip H. Pollock III. | ||
| 538 | _aSystem requirements: Microsoft Windows-based computer; CD-ROM drive. | ||
| 630 | 0 | 0 |
_aSPSS (Computer file) _vHandbooks, manuals, etc. _951232 |
| 650 | 0 |
_aPolitical statistics _xComputer programs _vHandbooks, manuals, etc. _951224 |
|
| 650 | 0 |
_aAnalysis of variance _xComputer programs _vHandbooks, manuals, etc. _951225 |
|
| 700 | 1 |
_aPollock, Philip H., _cIII. _tEssentials of political analysis. _951226 |
|
| 906 |
_a7 _bcbc _corigcop _d2 _encip _f20 _gy-gencatlg |
||
| 942 |
_2lcc _cMONOGRAPH |
||
| 999 |
_c131261 _d131261 |
||